Detritivores of the South American fish family Prochilodontidae, Teleostei: Ostariophysi: Characiformes: a phylogenetic and revisionary study

Saved in:
Bibliografiske detaljer
Main Authors: Castro, Ricardo M. C (Author), Vari, Richard P (Author)
Format: Bog
Sprog:engelsk
Udgivet: Washington, D.C Smithsonian Books 2004
Udgivelse:1a. ed
Serier:Smithsonian Contributiond to Zoology, 622
Fag:
Tags: Tilføj Tag
Ingen Tags, Vær først til at tagge denne postø!

MARC

LEADER 00000nam a2200000 a 4500
001 UCJ9151
003 CL-VaPUC
008 070309e20040000US |||||||||||||||||eng|d
082 0 4 |a 590  |b CAS  |2 21 
100 0 |a Castro, Ricardo M. C  |e author  |9 519040 
700 0 |a Vari, Richard P  |e author  |9 519041 
245 1 0 |a Detritivores of the South American fish family Prochilodontidae, Teleostei: Ostariophysi: Characiformes: a phylogenetic and revisionary study 
250 |a 1a. ed 
300 |a 189 p 
942 |c BK 
945 |d 20070309 00:00:00  |a cmena 
260 |a Washington, D.C  |b Smithsonian Books  |c 2004 
650 7 |a PECES  |2 CL-VaPUC  |9 519042 
650 0 |a Filogenia  |9 382996 
650 7 |a CLASIFICACION  |2 CL-VaPUC  |9 269795 
650 7 |a CHARACIFORMES  |2 CL-VaPUC  |9 519043 
650 7 |a OSTARIOPHYSI  |2 CL-VaPUC  |9 519044 
583 |a last modification  |c 20070309 00:00:00  |k Rodrigo Vera 
490 0 |a Smithsonian Contributiond to Zoology, 622 
999 |c 324741  |d 324739